| 000 | 00801cab a2200241 4500 | ||
|---|---|---|---|
| 001 | WB3210-33 | ||
| 008 | 090401t1996 xxu||||| |||| 00| 0 eng d | ||
| 035 | _a(Sirsi) u45212 | ||
| 041 | _aeng | ||
| 245 | _aSolicitors face new penalties | ||
| 260 | _c1996 | ||
| 350 | _a0 | ||
| 490 |
_aTimes _v8 March 1996, 10(1) |
||
| 520 | _aThe Solicitors Complaints Bureau is to be replaced by the Solicitors Regulation Office. In addition solicitors who fail to inform clients of costs will face fines and cautions. | ||
| 650 | _aDISCIPLINARY PROCEDURES | ||
| 650 | _aLAW SOCIETY | ||
| 650 | _aSOLICITORS COMPLAINTS BUREAU | ||
| 650 | _aSOLICITORS REGULATION OFFICE | ||
| 650 | _aSOLICITORS | ||
| 690 | _aMANAGEMENT-BUSINESS MANAGEMENT-PROFESSIONAL PRACTICE | ||
| 942 | _n0 | ||
| 948 | _c04/03/1997 | ||
| 999 |
_c28737 _d28737 |
||